00186nam a2200085Ia 4500082001900000100001100019245003000030260002000060650002000080 a610.7367bM07W aW.H.O. aMANAGING NEWBORN PROBLEMS bA.I.T.B.Sc2007 aNEWBORN PROBLEM